[Event "RUS-chT Premier 2019"]
[Site "Sochi"]
[Date "2019.05.10"]
[Round "9.4"]
[White "Timerkhanov, Alexander"]
[Black "Faizrakhmanov, Ramil"]
[Result "1/2-1/2"]
[WhiteElo "2366"]
[BlackElo "2438"]
[Annotator "ChessBase"]
[PlyCount "114"]
[EventDate "2019.05.01"]
[EventType "team-tourn"]
[EventCountry "RUS"]
[SourceTitle "playchess.com"]
[Source "ChessBase"]
[SourceQuality "1"]
[TimeControl "40/5400+30:1800+30"]

1. d4 {[%emt 0:00:00]} Nf6 {[%emt 0:00:00]} 2. Bg5 {[%emt 0:00:00]} d5 {[%emt 0:00:45]} 3. Nd2 {[%emt 0:00:01]} c6 {[%emt 0:01:25]} 4. e3 {[%emt 0:00:21]} Bg4 {[%emt 0:00:33]} 5. Ngf3 {[%emt 0:02:23]} Nbd7 {[%emt 0:01:11]} 6. Be2 {[%emt 0:02:13]} e6 {[%emt 0:01:16]} 7. O-O {[%emt 0:00:37]} Be7 {[%emt 0:01:04]} 8. h3 {[%emt 0:00:46]} Bh5 {[%emt 0:01:16]} 9. c4 {[%emt 0:00:28]} O-O {[%emt 0:01:46]} 10. Re1 {[%emt 0:08:07]} c5 {[%emt 0:02:25]} 11. Rc1 {[%emt 0:06:21]} Rc8 {[%emt 0:03:57]} 12. a3 {[%emt 0:00:49]} h6 {[%emt 0:01:35]} 13. Bh4 {[%emt 0:00:46]} dxc4 {[%emt 0:01:38]} 14. Nxc4 {[%emt 0:00:56]} Ne4 {[%emt 0:09:41]} 15. Bxe7 {[%emt 0:00:46]} Qxe7 {[%emt 0:00:06]} 16. Nfd2 {[%emt 0:18:50]} Bxe2 {[%emt 0:02:51]} 17. Rxe2 {[%emt 0:00:36]} Nef6 {[%emt 0:02:02]} 18. Nf3 {[%emt 0:02:29]} Rfd8 {[%emt 0:07:10]} 19. Rec2 {[%emt 0:02:44]} cxd4 {[%emt 0:13:01]} 20. Nxd4 {[%emt 0:00:21]} Rc5 {[%emt 0:06:13]} 21. b4 {[%emt 0:05:23]} Rd5 {[%emt 0:01:17]} 22. Qe2 {[%emt 0:01:42]} Nf8 {[%emt 0:02:33]} 23. Na5 {[%emt 0:02:56]} R8d7 {[%emt 0:04:27]} 24. Rc8 {[%emt 0:01:15]} e5 {[%emt 0:04:16]} 25. Nf5 {[%emt 0:02:31]} Qe6 {[%emt 0:01:03]} 26. e4 {[%emt 0:02:43]} Rd2 {[%emt 0:09:03]} 27. Qc4 {[%emt 0:16:10]} h5 {[%emt 0:06:36]} 28. Qc5 {[%emt 0:11:33]} N6h7 {[%emt 0:00:28]} 29. Nc4 {[%emt 0:03:57]} Rd1+ {[%emt 0:05:38]} 30. Rxd1 {[%emt 0:00:04]} Rxd1+ {[%emt 0:00:05]} 31. Kh2 {[%emt 0:00:03]} g6 {[%emt 0:03:18]} 32. Ne7+ {[%emt 0:06:46]} Kg7 {[%emt 0:00:09]} 33. Re8 {[%emt 0:00:17]} Qf6 {[%emt 0:00:33]} 34. Qxe5 {[%emt 0:00:26]} b5 {[%emt 0:04:24]} 35. Nd5 {[%emt 0:00:14]} Rxd5 {[%emt 0:01:21]} 36. exd5 {[%emt 0:01:04]} bxc4 {[%emt 0:00:05]} 37. d6 {[%emt 0:01:10]} Nd7 {[%emt 0:00:39]} 38. Qxf6+ {[%emt 0:00:18]} Kxf6 {[%emt 0:00:06]} 39. Rc8 {[%emt 0:00:29]} Ke6 {[%emt 0:00:14]} 40. Rxc4 {[%emt 0:00:00]} Kxd6 {[%emt 0:00:00]} 41. Rc8 {[%emt 0:00:14]} Nb6 {[%emt 0:01:26]} 42. Rc5 {[%emt 0:03:17]} Nf8 {[%emt 0:01:22]} 43. Ra5 {[%emt 0:02:55]} Nc8 {[%emt 0:00:05]} 44. h4 {[%emt 0:01:23]} Ne6 {[%emt 0:00:51]} 45. f3 {[%emt 0:00:57]} Nd4 {[%emt 0:00:24]} 46. Kh3 {[%emt 0:00:36]} Nc6 {[%emt 0:09:53]} 47. Rc5 {[%emt 0:02:54]} Nb6 {[%emt 0:02:10]} 48. g4 {[%emt 0:01:28]} Nd5 {[%emt 0:01:15]} 49. Rb5 {[%emt 0:05:49]} f5 {[%emt 0:06:00]} 50. gxf5 {[%emt 0:04:59]} Nd4 {[%emt 0:01:08]} 51. Rb7 {[%emt 0:00:21]} Nxf5 {[%emt 0:00:28]} 52. Rxa7 {[%emt 0:00:24]} Nf4+ {[%emt 0:00:08]} 53. Kh2 {[%emt 0:00:03]} Nxh4 {[%emt 0:00:10]} 54. Kg3 {[%emt 0:00:25]} g5 {[%emt 0:00:01]} 55. Rf7 {[%emt 0:03:46]} Ne2+ {[%emt 0:03:01]} 56. Kf2 {[%emt 0:00:31]} Nd4 {[%emt 0:00:12]} 57. a4 {[%emt 0:00:23]} Nhxf3 {[%emt 0:00:30]} 1/2-1/2

[Event "RUS-chT Premier 2019"]
[Site "Sochi"]
[Date "2019.05.10"]
[Round "9.5"]
[White "Makhmutov, Rail"]
[Black "Askerov, Marat"]
[Result "1-0"]
[WhiteElo "2390"]
[BlackElo "2315"]
[Annotator "ChessBase"]
[PlyCount "89"]
[EventDate "2019.05.01"]
[EventType "team-tourn"]
[EventCountry "RUS"]
[SourceTitle "playchess.com"]
[Source "ChessBase"]
[SourceQuality "1"]
[TimeControl "40/5400+30:1800+30"]

1. d4 {[%emt 0:00:00]} Nf6 {[%emt 0:00:00]} 2. c4 {[%emt 0:00:00]} e6 {[%emt 0:00:00]} 3. Nc3 {[%emt 0:00:07]} Bb4 {[%emt 0:00:00]} 4. g3 {[%emt 0:01:28]} O-O {[%emt 0:00:59]} 5. Bg2 {[%emt 0:00:58]} d6 {[%emt 0:00:41]} 6. Nf3 {[%emt 0:01:27]} Bxc3+ {[%emt 0:00:14]} 7. bxc3 {[%emt 0:00:02]} Nbd7 {[%emt 0:01:01]} 8. Qd3 {[%emt 0:03:35]} e5 {[%emt 0:02:24]} 9. Nd2 {[%emt 0:02:48]} Rb8 {[%emt 0:06:01]} 10. a4 {[%emt 0:04:15]} b6 {[%emt 0:08:49]} 11. a5 {[%emt 0:00:57]} Bb7 {[%emt 0:07:27]} 12. e4 {[%emt 0:00:34]} c5 {[%emt 0:16:07]} 13. axb6 {[%emt 0:07:22]} Qxb6 {[%emt 0:01:44]} 14. Rb1 {[%emt 0:00:52]} Qc7 {[%emt 0:00:39]} 15. O-O {[%emt 0:00:25]} Rfe8 {[%emt 0:01:35]} 16. Ba3 {[%emt 0:09:26]} a5 {[%emt 0:05:05]} 17. f4 {[%emt 0:01:58]} Ba6 {[%emt 0:04:14]} 18. Rbe1 {[%emt 0:11:23]} h6 {[%emt 0:07:48]} 19. d5 {[%emt 0:13:13]} Nb6 {[%emt 0:01:55]} 20. Bf3 {[%emt 0:01:56]} Nfd7 {[%emt 0:12:26]} 21. Rb1 {[%emt 0:04:00]} Rb7 {[%emt 0:08:34]} 22. Be2 {[%emt 0:01:40]} Reb8 {[%emt 0:03:59]} 23. Qc2 {[%emt 0:06:01]} Nf8 {[%emt 0:01:38]} 24. fxe5 {[%emt 0:07:21]} dxe5 {[%emt 0:00:04]} 25. Rf2 {[%emt 0:00:06]} Nc8 {[%emt 0:01:05]} 26. Rbf1 {[%emt 0:02:36]} Nd6 {[%emt 0:00:34]} 27. Qa4 {[%emt 0:00:28]} Ra7 {[%emt 0:05:46]} 28. h4 Bc8 29. Kh2 {[%emt 0:11:02]} Bd7 {[%emt 0:00:41]} 30. Qd1 {[%emt 0:00:20]} a4 {[%emt 0:00:16]} 31. Bd3 {[%emt 0:00:37]} Qc8 {[%emt 0:00:46]} 32. Be2 {[%emt 0:02:01]} Nh7 {[%emt 0:01:03]} 33. Bh5 {[%emt 0:00:26]} f6 {[%emt 0:01:44]} 34. Qe2 {[%emt 0:01:08]} Nf8 {[%emt 0:00:36]} 35. g4 {[%emt 0:02:24]} Nh7 {[%emt 0:00:46]} 36. Rg1 {[%emt 0:01:05]} Rc7 {[%emt 0:00:28]} 37. Bg6 {[%emt 0:01:59]} Nf8 {[%emt 0:00:36]} 38. Bf5 {[%emt 0:01:31]} Bxf5 {[%emt 0:00:25]} 39. gxf5 {[%emt 0:00:35]} Kh8 {[%emt 0:00:25]} 40. Rfg2 {[%emt 0:00:00]} Nh7 {[%emt 0:00:00]} 41. Qe3 {[%emt 0:08:57]} Rbb7 {[%emt 0:03:19]} 42. Rg3 {[%emt 0:05:11]} Nf8 {[%emt 0:02:02]} 43. Bxc5 {[%emt 0:04:33]} Rd7 {[%emt 0:16:55]} 44. Bb4 {[%emt 0:01:40]} Rbc7 {[%emt 0:03:47]} 45. c5 {[%emt 0:01:27]} 1-0

[Event "RUS-chT Premier 2019"]
[Site "Sochi"]
[Date "2019.05.10"]
[Round "9.6"]
[White "Golikov, Daniil"]
[Black "Toropov, Pavel"]
[Result "0-1"]
[WhiteElo "2271"]
[BlackElo "2327"]
[Annotator "NA"]
[PlyCount "64"]
[EventDate "2019.05.01"]
[EventType "team-tourn"]
[EventCountry "RUS"]
[SourceTitle "playchess.com"]
[Source "ChessBase"]
[SourceQuality "1"]
[TimeControl "40/5400+30:1800+30"]

1. c4 {[%emt 0:00:00]} c6 {[%emt 0:00:00]} 2. Nf3 {[%emt 0:00:00]} d5 {[%emt 0:00:00]} 3. e3 {[%emt 0:00:00]} Nf6 {[%emt 0:00:00]} 4. d4 {[%emt 0:00:00]} Bf5 {[%emt 0:00:05]} 5. Nc3 {[%emt 0:00:00]} e6 {[%emt 0:00:03]} 6. Nh4 {[%emt 0:00:04]} Be4 {[%emt 0:00:05]} 7. f3 {[%emt 0:00:11]} Bg6 {[%emt 0:00:06]} 8. Qb3 {[%emt 0:00:08]} Qc7 {[%emt 0:00:25]} 9. Bd2 {[%emt 0:04:12] D12: Slav Defence: 3 Nf3 Nf6 4 e3 Bf5} Nbd7 {[%emt 0:00:10]} (9... Be7 10. cxd5 Nxd5 11. Nxg6 hxg6 12. O-O-O Nd7 13. Nxd5 cxd5+ 14. Kb1 a6 15. Rc1 Qb8 16. Bb4 a5 {½-½ (51) Eljanov,P (2680)-Postny,E (2623) chess.com INT 2019}) 10. Nxg6 {[%emt 0:00:11]} hxg6 {[%emt 0:00:02]} 11. O-O-O {[%emt 0:00:08]} dxc4 {[%emt 0:08:13]} 12. Bxc4 {[%emt 0:10:52]} b5 {[%emt 0:00:48]} 13. Bd3 {[%emt 0:00:29]} a6 {[%emt 0:00:55]} 14. Ne4 $146 {[%emt 0:10:39]} ({Predecessor:} 14. Qc2 c5 15. Ne4 Rc8 16. dxc5 Nxe4 17. Bxe4 {0-1 (63) Hoegl,E (1798)-Hofer,E (2036) Woerth 2014}) 14... c5 {[%emt 0:02:39]} 15. dxc5 {[%emt 0:01:05]} Nxe4 {[%emt 0:01:20]} 16. Bxe4 {[%emt 0:00:54]} Nxc5 {[%emt 0:00:24]} 17. Qc2 {[%emt 0:00:40]} Rc8 {[%emt 0:01:02]} 18. Kb1 {[%emt 0:00:31]} Nxe4 {[%emt 0:15:29]} 19. Qxe4 {[%emt 0:00:06]} Qc6 {[%emt 0:01:55]} 20. Qd3 {[%emt 0:03:55]} Rd8 {[%emt 0:02:55]} 21. Qe2 {[%emt 0:00:26]} Rh5 {[%emt 0:06:24]} 22. Rc1 {[%emt 0:04:09]} Rc5 {[%emt 0:01:48]} 23. Rxc5 {[%emt 0:01:27]} Bxc5 {[%emt 0:01:22]} 24. Rc1 {[%emt 0:01:32]} Qb6 {[%emt 0:05:14]} 25. e4 {[%emt 0:00:44]} Qd6 {[%emt 0:03:43]} 26. Bg5 {[%emt 0:07:31]} f6 {[%emt 0:03:17]} 27. e5 {[%emt 0:21:25]} Qd5 $11 {[%emt 0:00:18]} 28. Qc2 {[%emt 0:00:14]} fxg5 {[%emt 0:22:11]} 29. Qxc5 {[%emt 0:00:06]} Qd3+ {[%emt 0:00:07]} 30. Ka1 {[%emt 0:00:05]} Kf7 {[%emt 0:06:36]} 31. Qa7+ {[%emt 0:06:11]} Rd7 {[%emt 0:00:12]} 32. Qxa6 {[%emt 0:00:40]} Qc2 {[%emt 0:00:36]} 0-1

[Event "RUS-chT Premier 2019"]
[Site "Sochi"]
[Date "2019.05.10"]
[Round "9.7"]
[White "Bocharov, Ivan"]
[Black "Iljiushenok, Ilia"]
[Result "1/2-1/2"]
[WhiteElo "2568"]
[BlackElo "2534"]
[Annotator "ChessBase"]
[PlyCount "46"]
[EventDate "2019.05.01"]
[EventType "team-tourn"]
[EventCountry "RUS"]
[SourceTitle "playchess.com"]
[Source "ChessBase"]
[SourceQuality "1"]
[TimeControl "40/5400+30:1800+30"]

1. e4 {[%emt 0:00:00]} c6 {[%emt 0:00:00]} 2. d4 {[%emt 0:00:00]} d5 {[%emt 0:00:00]} 3. e5 {[%emt 0:00:00]} c5 {[%emt 0:00:00]} 4. dxc5 {[%emt 0:00:00]} e6 {[%emt 0:00:03]} 5. a3 {[%emt 0:00:28]} Bxc5 {[%emt 0:00:12]} 6. b4 {[%emt 0:00:44]} Bb6 {[%emt 0:00:09]} 7. Qg4 {[%emt 0:01:30]} Ne7 {[%emt 0:00:09]} 8. Qxg7 {[%emt 0:03:44]} Rg8 {[%emt 0:00:32]} 9. Qxh7 {[%emt 0:00:47]} Bd4 {[%emt 0:00:15]} 10. Ra2 {[%emt 0:01:29]} Bxe5 {[%emt 0:00:14]} 11. Nf3 {[%emt 0:00:20]} Bf6 {[%emt 0:00:26]} 12. Bb2 {[%emt 0:05:35]} Nd7 {[%emt 0:01:34]} 13. Bb5 {[%emt 0:01:22]} Bxb2 {[%emt 0:10:23]} 14. Rxb2 {[%emt 0:00:07]} Qc7 {[%emt 0:00:24]} 15. O-O {[%emt 0:07:26]} a6 {[%emt 0:02:24]} 16. Bxd7+ {[%emt 0:02:31]} Bxd7 {[%emt 0:00:06]} 17. Rb3 {[%emt 0:12:25]} O-O-O {[%emt 0:37:15]} 18. Qxf7 {[%emt 0:04:41]} Nc6 {[%emt 0:01:51]} 19. b5 {[%emt 0:07:30]} Rdf8 {[%emt 0:02:34]} 20. Qh7 {[%emt 0:00:34]} Rh8 {[%emt 0:05:22]} 21. Qg7 {[%emt 0:00:11]} Rhg8 {[%emt 0:00:21]} 22. Qh7 {[%emt 0:00:11]} Rh8 {[%emt 0:07:42]} 23. Qg7 {[%emt 0:00:02]} Rhg8 {[%emt 0:00:06]} 1/2-1/2

[Event "RUS-chT Premier 2019"]
[Site "Sochi"]
[Date "2019.05.10"]
[Round "9.8"]
[White "Nozdrachev, Vladislav"]
[Black "Khanin, Semen"]
[Result "1/2-1/2"]
[WhiteElo "2489"]
[BlackElo "2524"]
[Annotator "ChessBase"]
[PlyCount "114"]
[EventDate "2019.05.01"]
[EventType "team-tourn"]
[EventCountry "RUS"]
[SourceTitle "playchess.com"]
[Source "ChessBase"]
[SourceQuality "1"]
[TimeControl "40/5400+30:1800+30"]

1. e4 {[%emt 0:00:00]} c5 {[%emt 0:00:00]} 2. Nf3 {[%emt 0:00:00]} e6 {[%emt 0:00:00]} 3. d4 {[%emt 0:00:00]} cxd4 {[%emt 0:00:00]} 4. Nxd4 {[%emt 0:00:00]} Nc6 {[%emt 0:00:00]} 5. Nc3 {[%emt 0:00:00]} Qc7 {[%emt 0:00:00]} 6. g3 {[%emt 0:00:00]} a6 {[%emt 0:00:08]} 7. Bg2 {[%emt 0:00:00]} d6 {[%emt 0:00:14]} 8. O-O {[%emt 0:00:57]} Bd7 {[%emt 0:00:04]} 9. Nce2 {[%emt 0:06:22]} Nf6 {[%emt 0:02:57]} 10. b3 {[%emt 0:02:18]} Nxd4 {[%emt 0:07:57]} 11. Nxd4 {[%emt 0:00:24]} e5 {[%emt 0:00:50]} 12. Ne2 {[%emt 0:02:05]} b5 {[%emt 0:01:50]} 13. Ba3 {[%emt 0:08:53]} Bc6 {[%emt 0:04:44]} 14. Nc3 {[%emt 0:02:09]} Be7 {[%emt 0:03:07]} 15. Nd5 {[%emt 0:10:45]} Nxd5 {[%emt 0:02:00]} 16. exd5 {[%emt 0:00:17]} Bd7 {[%emt 0:00:22]} 17. Rc1 {[%emt 0:01:06]} O-O {[%emt 0:05:10]} 18. Qd2 {[%emt 0:00:56]} Qb6 {[%emt 0:13:31]} 19. c4 {[%emt 0:00:42]} Rac8 {[%emt 0:02:16]} 20. Kh1 {[%emt 0:07:11]} f5 {[%emt 0:03:00]} 21. Rfe1 {[%emt 0:00:50]} Rfe8 {[%emt 0:05:23]} 22. f4 {[%emt 0:05:55]} e4 {[%emt 0:06:35]} 23. g4 {[%emt 0:01:38]} Bh4 {[%emt 0:04:48]} 24. Re2 {[%emt 0:06:59]} e3 {[%emt 0:05:43]} 25. Qd3 {[%emt 0:01:23]} fxg4 {[%emt 0:01:36]} 26. Bb2 {[%emt 0:04:54]} bxc4 {[%emt 0:02:28]} 27. bxc4 {[%emt 0:00:05]} Bf6 {[%emt 0:03:51]} 28. Bxf6 {[%emt 0:00:40]} gxf6 {[%emt 0:00:03]} 29. Be4 {[%emt 0:00:29]} Re7 {[%emt 0:03:19]} 30. Bf5 {[%emt 0:00:24]} Rce8 {[%emt 0:04:17]} 31. Bxd7 {[%emt 0:08:30]} Rxd7 {[%emt 0:00:03]} 32. Qf5 {[%emt 0:00:04]} Rf7 {[%emt 0:05:17]} 33. Qxg4+ {[%emt 0:00:22]} Rg7 {[%emt 0:00:59]} 34. Qh5 {[%emt 0:03:34]} Ree7 {[%emt 0:03:42]} 35. Rd1 {[%emt 0:04:03]} Qb4 {[%emt 0:03:29]} 36. Qf3 {[%emt 0:03:00]} Qxc4 {[%emt 0:00:52]} 37. Rxe3 {[%emt 0:00:46]} Rxe3 {[%emt 0:00:40]} 38. Qxe3 {[%emt 0:00:04]} h6 {[%emt 0:03:35]} 39. Qe6+ {[%emt 0:02:44]} Kh8 {[%emt 0:00:28]} 40. Rg1 {[%emt 0:00:00]} Qxf4 {[%emt 0:00:00]} 41. Qc8+ {[%emt 0:09:41]} Kh7 {[%emt 0:03:07]} 42. Rxg7+ {[%emt 0:00:05]} Kxg7 {[%emt 0:00:05]} 43. Qxa6 {[%emt 0:00:34]} Qe4+ {[%emt 0:03:07]} 44. Kg1 {[%emt 0:03:08]} Qd4+ {[%emt 0:00:14]} 45. Kf1 {[%emt 0:01:43]} Qxd5 {[%emt 0:00:04]} 46. Kg1 {[%emt 0:03:38]} Qd4+ {[%emt 0:04:29]} 47. Kf1 {[%emt 0:00:47]} Qf4+ {[%emt 0:02:02]} 48. Kg1 {[%emt 0:00:06]} Qe3+ {[%emt 0:00:26]} 49. Kf1 {[%emt 0:00:06]} Qf3+ {[%emt 0:00:15]} 50. Kg1 {[%emt 0:00:05]} d5 {[%emt 0:00:31]} 51. a4 {[%emt 0:02:07]} Qe3+ {[%emt 0:00:42]} 52. Kf1 {[%emt 0:00:11]} Kg6 {[%emt 0:04:06]} 53. a5 {[%emt 0:00:58]} d4 {[%emt 0:00:24]} 54. Qe2 {[%emt 0:02:03]} Qc1+ {[%emt 0:01:59]} 55. Kf2 {[%emt 0:00:09]} Qf4+ {[%emt 0:00:37]} 56. Ke1 {[%emt 0:00:52]} Qc1+ {[%emt 0:03:49]} 57. Kf2 {[%emt 0:00:08]} Qf4+ {[%emt 0:03:51]} 1/2-1/2

[Event "RUS-chT Premier 2019"]
[Site "Sochi"]
[Date "2019.05.10"]
[Round "9.9"]
[White "Tsydypov, Zhamsaran"]
[Black "Chernobay, Artem"]
[Result "1-0"]
[WhiteElo "2546"]
[BlackElo "2503"]
[Annotator "ChessBase"]
[PlyCount "53"]
[EventDate "2019.05.01"]
[EventType "team-tourn"]
[EventCountry "RUS"]
[SourceTitle "playchess.com"]
[Source "ChessBase"]
[SourceQuality "1"]
[TimeControl "40/5400+30:1800+30"]

1. e4 {[%emt 0:00:00]} c5 {[%emt 0:00:00]} 2. Nf3 {[%emt 0:00:10]} Nc6 {[%emt 0:00:12]} 3. Bb5 {[%emt 0:01:46]} g6 {[%emt 0:00:27]} 4. Bxc6 {[%emt 0:00:23]} dxc6 {[%emt 0:00:09]} 5. d3 {[%emt 0:00:37]} Bg7 {[%emt 0:00:17]} 6. Nc3 {[%emt 0:00:46]} Nf6 {[%emt 0:00:25]} 7. h3 {[%emt 0:00:47]} Nd7 {[%emt 0:00:31]} 8. Be3 {[%emt 0:00:21]} e5 {[%emt 0:00:33]} 9. Qd2 {[%emt 0:01:34]} h6 {[%emt 0:00:56]} 10. a3 {[%emt 0:03:36]} b6 {[%emt 0:06:14]} 11. O-O {[%emt 0:01:50]} Nf8 {[%emt 0:01:33]} 12. b4 {[%emt 0:01:21]} Ne6 {[%emt 0:01:23]} 13. bxc5 {[%emt 0:03:10]} f5 {[%emt 0:00:59]} 14. exf5 {[%emt 0:06:53]} gxf5 {[%emt 0:00:09]} 15. Rae1 {[%emt 0:03:25]} f4 {[%emt 0:17:23]} 16. Nxe5 {[%emt 0:00:50]} fxe3 {[%emt 0:03:47]} 17. Qxe3 {[%emt 0:03:52]} O-O {[%emt 0:21:52]} 18. Nxc6 {[%emt 0:00:49]} Qh4 {[%emt 0:05:26]} 19. Nd5 {[%emt 0:01:36]} Nxc5 {[%emt 0:11:43]} 20. d4 {[%emt 0:05:17]} Ba6 {[%emt 0:05:08]} 21. dxc5 {[%emt 0:02:29]} Kh7 {[%emt 0:03:13]} 22. f4 {[%emt 0:05:57]} Bxf1 {[%emt 0:09:22]} 23. Qe4+ {[%emt 0:01:31]} Kh8 {[%emt 0:00:06]} 24. Nce7 {[%emt 0:00:36]} Rfe8 {[%emt 0:00:17]} 25. Kxf1 {[%emt 0:05:11]} Qh5 {[%emt 0:03:08]} 26. Ng6+ {[%emt 0:00:34]} Kh7 {[%emt 0:00:09]} 27. Nde7 {[%emt 0:00:05]} 1-0

[Event "RUS-chT Premier 2019"]
[Site "Sochi"]
[Date "2019.05.10"]
[Round "9.10"]
[White "Bykov, Oleg"]
[Black "Bocharov, Dmitry"]
[Result "0-1"]
[WhiteElo "2395"]
[BlackElo "2530"]
[Annotator "ChessBase"]
[PlyCount "104"]
[EventDate "2019.05.01"]
[EventType "team-tourn"]
[EventCountry "RUS"]
[SourceTitle "playchess.com"]
[Source "ChessBase"]
[SourceQuality "1"]
[TimeControl "40/5400+30:1800+30"]

1. d4 {[%emt 0:00:00]} d6 {[%emt 0:00:00]} 2. Nf3 {[%emt 0:00:01]} Nf6 {[%emt 0:00:13]} 3. c4 {[%emt 0:00:12]} g6 {[%emt 0:00:27]} 4. Nc3 {[%emt 0:00:05]} Bf5 {[%emt 0:00:11]} 5. Nh4 {[%emt 0:08:50]} Bd7 {[%emt 0:00:23]} 6. Nf3 {[%emt 0:00:18]} Bf5 {[%emt 0:00:19]} 7. Nh4 {[%emt 0:01:48]} Bd7 {[%emt 0:00:13]} 8. Nf3 {[%emt 0:03:58]} Bg7 {[%emt 0:02:04]} 9. e4 {[%emt 0:00:15]} e5 {[%emt 0:00:09]} 10. Be2 {[%emt 0:01:02]} O-O {[%emt 0:00:39]} 11. O-O {[%emt 0:00:12]} Re8 {[%emt 0:07:02]} 12. d5 {[%emt 0:01:58]} a5 {[%emt 0:00:20]} 13. Ne1 {[%emt 0:03:15]} c6 {[%emt 0:10:55]} 14. Be3 {[%emt 0:01:33]} Na6 {[%emt 0:00:40]} 15. dxc6 {[%emt 0:06:20]} Bxc6 {[%emt 0:02:33]} 16. f3 {[%emt 0:01:08]} Nc5 {[%emt 0:03:28]} 17. Nc2 {[%emt 0:01:23]} Nh5 {[%emt 0:04:30]} 18. Qd2 {[%emt 0:06:30]} Nf4 {[%emt 0:08:15]} 19. Rfd1 {[%emt 0:05:31]} f5 {[%emt 0:09:07]} 20. exf5 {[%emt 0:17:38]} gxf5 {[%emt 0:10:12]} 21. Bf1 {[%emt 0:03:18]} Qg5 {[%emt 0:14:01]} 22. Nd5 {[%emt 0:02:40]} Nce6 {[%emt 0:05:20]} 23. g3 {[%emt 0:09:53]} Qg6 {[%emt 0:02:26]} 24. Kh1 {[%emt 0:02:15]} Nh5 {[%emt 0:00:42]} 25. Bd3 {[%emt 0:03:50]} Qf7 {[%emt 0:04:10]} 26. Qg2 {[%emt 0:02:33]} Kh8 {[%emt 0:02:28]} 27. Qh3 {[%emt 0:01:36]} f4 {[%emt 0:06:12]} 28. gxf4 {[%emt 0:04:22]} exf4 {[%emt 0:00:16]} 29. Bf2 {[%emt 0:01:54]} Bxb2 {[%emt 0:03:23]} 30. Rab1 {[%emt 0:00:08]} Be5 {[%emt 0:00:41]} 31. Rg1 {[%emt 0:01:05]} Rg8 {[%emt 0:00:46]} 32. Bh4 {[%emt 0:02:33]} Nc5 {[%emt 0:01:49]} 33. Bf5 {[%emt 0:01:03]} Raf8 {[%emt 0:00:49]} 34. Ne7 {[%emt 0:04:00]} Ng3+ {[%emt 0:01:05]} 35. hxg3 {[%emt 0:00:17]} Bxf3+ {[%emt 0:00:16]} 36. Rg2 {[%emt 0:00:46]} Rg7 {[%emt 0:00:59]} 37. Ne1 {[%emt 0:02:56]} Bxg2+ {[%emt 0:00:33]} 38. Nxg2 {[%emt 0:00:01]} fxg3 {[%emt 0:00:36]} 39. Rg1 {[%emt 0:01:18]} Bf6 {[%emt 0:00:35]} 40. Nd5 {[%emt 0:00:00]} Be5 {[%emt 0:00:00]} 41. Nge3 {[%emt 0:04:39]} Qh5 {[%emt 0:07:55]} 42. Bg4 {[%emt 0:24:00]} Qh6 {[%emt 0:02:08]} 43. Bf5 {[%emt 0:01:40]} Rxf5 {[%emt 0:06:37]} 44. Nxf5 {[%emt 0:00:04]} g2+ {[%emt 0:00:08]} 45. Qxg2 {[%emt 0:00:02]} Rxg2 {[%emt 0:00:10]} 46. Rxg2 {[%emt 0:00:07]} Qc1+ {[%emt 0:06:53]} 47. Rg1 {[%emt 0:00:03]} Qb2 {[%emt 0:01:08]} 48. Bf6+ {[%emt 0:03:17]} Bxf6 {[%emt 0:00:15]} 49. Nh6 {[%emt 0:00:04]} Bg7 {[%emt 0:01:38]} 50. Ne7 {[%emt 0:00:06]} Qf2 {[%emt 0:00:51]} 51. Nhf5 {[%emt 0:00:16]} Qf3+ {[%emt 0:00:11]} 52. Rg2 {[%emt 0:00:12]} Qf1+ {[%emt 0:00:12]} 0-1

[Event "RUS-chT Premier 2019"]
[Site "Sochi"]
[Date "2019.05.10"]
[Round "9.11"]
[White "Kezin, Roman"]
[Black "Ofitserian, Boris"]
[Result "1-0"]
[WhiteElo "2468"]
[BlackElo "2413"]
[Annotator "ChessBase"]
[PlyCount "73"]
[EventDate "2019.05.01"]
[EventType "team-tourn"]
[EventCountry "RUS"]
[SourceTitle "playchess.com"]
[Source "ChessBase"]
[SourceQuality "1"]
[TimeControl "40/5400+30:1800+30"]

1. c4 {[%emt 0:00:00]} Nf6 {[%emt 0:00:00]} 2. Nc3 {[%emt 0:00:00]} c5 {[%emt 0:00:10]} 3. Nf3 {[%emt 0:00:04]} d5 {[%emt 0:00:21]} 4. cxd5 {[%emt 0:00:04]} Nxd5 {[%emt 0:00:03]} 5. e3 {[%emt 0:00:03]} Nxc3 {[%emt 0:00:13]} 6. bxc3 {[%emt 0:00:04]} g6 {[%emt 0:00:49]} 7. Bb5+ {[%emt 0:07:42]} Nd7 {[%emt 0:00:29]} 8. O-O {[%emt 0:00:26]} Bg7 {[%emt 0:00:25]} 9. d4 {[%emt 0:00:17]} O-O {[%emt 0:05:11]} 10. a4 {[%emt 0:05:24]} Qc7 {[%emt 0:03:06]} 11. Qe2 {[%emt 0:20:03]} b6 {[%emt 0:03:29]} 12. e4 {[%emt 0:03:55]} a6 {[%emt 0:03:25]} 13. Bd3 {[%emt 0:00:51]} e5 {[%emt 0:05:40]} 14. d5 {[%emt 0:06:38]} Nf6 {[%emt 0:02:01]} 15. Nd2 {[%emt 0:07:04]} Ne8 {[%emt 0:13:08]} 16. c4 {[%emt 0:25:16]} Nd6 {[%emt 0:05:17]} 17. Bb2 {[%emt 0:00:05]} g5 {[%emt 0:25:03]} 18. a5 {[%emt 0:00:10]} b5 {[%emt 0:00:28]} 19. Nb3 {[%emt 0:01:23]} f5 {[%emt 0:01:52]} 20. Rac1 {[%emt 0:06:07]} Rb8 {[%emt 0:13:03]} 21. cxb5 {[%emt 0:04:57]} fxe4 {[%emt 0:01:37]} 22. b6 {[%emt 0:00:01]} exd3 {[%emt 0:02:28]} 23. bxc7 {[%emt 0:00:06]} Rxb3 {[%emt 0:00:10]} 24. Qd2 {[%emt 0:00:19]} Rf4 {[%emt 0:00:22]} 25. f3 {[%emt 0:08:50]} c4 {[%emt 0:11:54]} 26. Bc3 {[%emt 0:01:45]} Nb5 {[%emt 0:01:11]} 27. Ba1 {[%emt 0:00:35]} Nd6 {[%emt 0:00:54]} 28. Rb1 {[%emt 0:00:31]} Rb5 {[%emt 0:00:31]} 29. Rxb5 {[%emt 0:00:39]} Nxb5 {[%emt 0:00:19]} 30. g3 {[%emt 0:00:46]} Rf5 {[%emt 0:00:48]} 31. Rc1 {[%emt 0:00:24]} Nd6 {[%emt 0:00:17]} 32. Qe3 {[%emt 0:00:42]} h5 {[%emt 0:00:35]} 33. h3 {[%emt 0:00:42]} Kh7 {[%emt 0:00:37]} 34. g4 {[%emt 0:00:28]} Rf7 {[%emt 0:00:31]} 35. Bc3 {[%emt 0:00:29]} Rxc7 {[%emt 0:00:24]} 36. Bb4 {[%emt 0:00:09]} Nb5 {[%emt 0:00:35]} 37. Rxc4 {[%emt 0:00:28]} 1-0